000 00516cam a2200181 4500
001 D2600
008 090401t1985 xxu||||| |||| 00| 0 eng d
035 _a(Sirsi) u69826
041 _aeng
050 _a333.00601
110 _aCommonwealth Association of Surveying and Land Economy
_92570
245 _aFifth General Assembly, Kuala Lumpur, Malaysia, 8 - 15 September 1985: [report of proceedings]
260 _aLondon
_bCASLE
_c1985
300 _a15p. 30cm
350 _a0
942 _n0
948 _c04/03/1997
999 _c95237
_d95237